Этаж шутов: пер. с фр.; роман

Bibliographische Detailangaben
1. Verfasser: Труайя А. Анри
Zusammenfassung:Вашему вниманию предлагается очередной роман знаменитого французского писателя Анри Труайя, произведения которого любят и читают во всем мире. Этаж шутов — чердачный этаж Зимнего дворца, отведенный шутам. В центре романа — маленькая фигурка карлика Васи, сына богатых родителей, определенного волей отца в придворные шуты к императрице. Деревенское детство, нелегкая служба шута, женитьба на одной из самых красивых фрейлин Анны Иоанновны, короткое семейное счастье, рождение сына, развод и вновь — шутовство, но уже при Елизавете Петровне. Умный, талантливый, добрый, но бесконечно наивный, Вася помимо воли оказывается в центре дворцовых интриг, становится «разменной монетой» при сведении счетов сначала между Анной Иоанновной и Бироном, а позднее — между Елизаветой Петровной и уже покойной Анной Иоанновной Роман написан с широким использованием исторических документов.
Sprache:Russisch
Veröffentlicht: Москва, ЭКСМО, 2005
Schriftenreihe:Русские биографическо-исторические романы
Schlagworte:
Format: Buch
KOHA link:https://koha.lib.tpu.ru/cgi-bin/koha/opac-detail.pl?biblionumber=91475

MARC

LEADER 00000nam0a2200000 4500
001 91475
005 20231101213756.0
010 |a 5699129227 
035 |a (RuTPU)RU\TPU\book\98063 
090 |a 91475 
100 |a 20060226d2005 m y0rusy50 ca 
101 1 |a rus  |c fre 
102 |a RU 
105 |a y z 000ay 
200 1 |a Этаж шутов  |e пер. с фр.  |e роман  |f А. Труайя 
210 |a Москва  |c ЭКСМО  |d 2005 
215 |a 189 с. 
225 1 |a Русские биографическо-исторические романы 
330 |a Вашему вниманию предлагается очередной роман знаменитого французского писателя Анри Труайя, произведения которого любят и читают во всем мире. Этаж шутов — чердачный этаж Зимнего дворца, отведенный шутам. В центре романа — маленькая фигурка карлика Васи, сына богатых родителей, определенного волей отца в придворные шуты к императрице. Деревенское детство, нелегкая служба шута, женитьба на одной из самых красивых фрейлин Анны Иоанновны, короткое семейное счастье, рождение сына, развод и вновь — шутовство, но уже при Елизавете Петровне. Умный, талантливый, добрый, но бесконечно наивный, Вася помимо воли оказывается в центре дворцовых интриг, становится «разменной монетой» при сведении счетов сначала между Анной Иоанновной и Бироном, а позднее — между Елизаветой Петровной и уже покойной Анной Иоанновной Роман написан с широким использованием исторических документов. 
610 1 |a исторические романы 
610 1 |a Россия 
610 1 |a 18 век 
610 1 |a романы 
675 |a 84  |v 3 
700 1 |a Труайя  |b А.  |c французский писатель  |f 1911-  |g Анри  |2 stltpush  |3 (RuTPU)RU\TPU\pers\17239  |9 6371 
801 1 |a RU  |b 63413507  |c 20060226  |g PSBO 
801 2 |a RU  |b 63413507  |c 20111114  |g PSBO 
942 |c BK 
959 |a 18/20060226  |e 90,64  |f ХФ:1